000 00401nam a2200157 a 4500
001 23153
005 20180713221156.0
008 140415s1972 mx 000 0 spa d
041 _aspa
082 _a352.92
_bASP
245 0 0 _aASPECTOS LEGALES DE LA CONSTRUCCION
250 _a1a ed.
260 _aMEXICO :
_bDIANA,
_c1972
300 _a213
650 1 4 _aCONSTRUCCION
_xLEGALIZACION
999 _c23153
_d23153